Loading...
| Literature - Drama | 1 | 4 | 1 | 0 | 50 | 70 | 109.00 | 2 | 5 | 0.00 | 0.00 |
| Fine Arts - Other | 0 | 5 | 1 | 0 | 45 | 82 | 111.20 | 2 | 5 | 0.00 | 0.00 |
| History - World | 1 | 3 | 0 | 2 | 45 | 70 | 122.25 | 1 | 4 | 0.00 | 0.00 |
| Literature - Long Fiction | 0 | 4 | 0 | 0 | 40 | 105 | 127.50 | 0 | 4 | 0.00 | 0.00 |
| Literature - Poetry | 1 | 2 | 1 | 0 | 30 | 75 | 97.67 | 1 | 3 | 0.00 | 0.00 |
| Other Academic | 0 | 3 | 0 | 2 | 30 | 81 | 121.67 | 0 | 3 | 0.00 | 0.00 |
| Philosophy | 0 | 3 | 0 | 0 | 30 | 86 | 110.00 | 0 | 3 | 0.00 | 0.00 |
| Fine Arts - Classical Music | 0 | 3 | 0 | 1 | 30 | 128 | 139.33 | 0 | 2 | 0.00 | 0.00 |
| Short Fiction and Other | 0 | 3 | 0 | 0 | 30 | 101 | 108.33 | 1 | 2 | 0.00 | 0.00 |
| Science - Biology | 1 | 2 | 1 | 0 | 30 | 78 | 89.67 | 3 | 3 | 0.00 | 0.00 |
| Social Science | 0 | 2 | 0 | 0 | 20 | 89 | 112.00 | 2 | 2 | 0.00 | 0.00 |
| Science - Other | 0 | 2 | 0 | 0 | 20 | 132 | 135.50 | 0 | 2 | 0.00 | 0.00 |
| Science - Physics | 0 | 2 | 0 | 0 | 20 | 123 | 128.50 | 0 | 1 | 0.00 | 0.00 |
| Literature - Misc | 1 | 0 | 0 | 0 | 15 | 70 | 70.00 | 1 | 1 | 0.00 | 0.00 |
| Fine Arts - Painting and Sculpture | 0 | 1 | 0 | 0 | 10 | 160 | 160.00 | 0 | 1 | 0.00 | 0.00 |
| Religion | 0 | 1 | 0 | 0 | 10 | 138 | 138.00 | 0 | 1 | 0.00 | 0.00 |
| Geography | 0 | 1 | 1 | 0 | 5 | 110 | 110.00 | 0 | 1 | 0.00 | 0.00 |
| Science - Chemistry | 0 | 0 | 1 | 0 | -5 | 0.00 | 0 | 0 | 0.00 | 0.00 | |
| Mythology | 0 | 0 | 1 | 0 | -5 | 0.00 | 0 | 0 | 0.00 | 0.00 |